Sandwich structure of parts produced by FDM technology

Gespeichert in:
Bibliographische Detailangaben
1. Verfasser: Tammareddy, Veda Vyas (Verfasst von)
Weitere Verfasser: Beniak, Juraj (Betreuung Doktorarbeit)
Format: Manuskript Buch
Sprache:Slowakisch
Englisch
Veröffentlicht: 2021
Schlagworte:
Online-Zugang:http://is.stuba.sk/zp/portal_zp.pl?podrobnosti=159269
Tags: Tag hinzufügen
Keine Tags, Fügen Sie das erste Tag hinzu!

MARC

LEADER 00000ntm a22000003a 4500
001 stuzp85881
003 SK-STU
005 20210612214110.5
007 ta
008 150427s2015----xo-----f-mn---000-0-slo-d
040 |a STU  |b slo 
041 0 |a eng 
100 1 |a Tammareddy, Veda Vyas  |u 020070  |4 aut  |U SjF Strojnícka fakulta  |T SjF Ústav výrobných systémov, enviromentálnej techniky a manažment kvality  |X 105676  |U J0070  |Y 804  |7 105676 
242 0 1 |a Sendvičová štruktúra dielov vyrábaných spoločnosťou FDM Printing  |y slo 
245 1 0 |a Sandwich structure of parts produced by FDM technology 
260 |c 2021 
650 4 |a FDM tlač  |2 slo 
650 4 |a Sendvičová štruktúra  |2 slo 
650 4 |a ABS  |2 slo 
650 4 |a TPU  |2 slo 
650 4 |a Nylon  |2 slo 
650 4 |a PETG  |2 slo 
650 4 |a ohýbanie  |2 slo 
650 4 |a tlač  |2 slo 
650 4 |a FDM Printing  |2 eng 
650 4 |a Sandwich Structure  |2 eng 
650 4 |a ABS  |2 eng 
650 4 |a TPU  |2 eng 
650 4 |a PETG  |2 eng 
650 4 |a Nylon  |2 eng 
650 4 |a Bending test  |2 eng 
650 4 |a Tensile  |2 eng 
650 4 |a Compression  |2 eng 
700 1 |a Beniak, Juraj  |u 020070  |k Z1  |4 ths  |U SjF Strojnícka fakulta  |T SjF Ústav výrobných systémov, enviromentálnej techniky a manažment kvality  |X 2226  |U J0070  |Y 804  |7 A000002226 
856 4 |u http://is.stuba.sk/zp/portal_zp.pl?podrobnosti=159269